00559 2200217 4500001002100000005001500021035002000036245004200056100001700098250000600115300003300121700001900154260003500173082001400208084002000222020002200242008004100264650002000305990000800325990000800333INLIS00000000000009620240918084407 a0010-01190000521 aMisteri Topeng Petaka /cRasyid Akbar0 aRasyid Akbar a1 a112 hlm :bilust. ;c20,5 cm0 aMuhamad Ilyasa aJakarta :bZikrul Hakim,c2010 a899.221'3 a899.221'3 RAS m a979-979-063-609-5240918 0  4aFiksi Indonesia a291 a292